000 00451nab a2200145Ia 4500
003 ES-SlBCS
005 20210601130447.0
008 140529s1956 xxu||||| |||| 00| 0 fre d
041 _afre
100 1 _aPonceau, Amédée
_9173168
245 0 0 _aRes-Lex-Causa (Objectivation de la fenoménalité)
_c Amédée Ponceau
650 0 4 _aFenomenalismo
_9132949
773 0 _tGiornali di Metafisica
_gvol. 11, nº. 1, 1956, págs. 1-12
_w0017-0372
942 _cAR
999 _c547067
_d547067